Statistics for Mountains by letter - S

Click here to take the quiz!

General Stats

  • This quiz has been taken 11 times
  • The average score is 5 of 21

Answer Stats

HintAnswer% Correct
Also known as Mt. Horeb, where god gave law to the IsraelitesMt. {Sinai}
100%
Washington volcano that erupted in 1980Mt. {St Helens}
100%
Christ the Redeemer overlooks Rio de Janeiro from atop this mountain{Sugarloaf} Mountain
78%
Highest mountain in WalesSnowdon
56%
Happy sounding tri-summited mountain in Idaho{Smiley} Mountain
44%
Jolly sounding mountain in SwedenMt. {Santa}
33%
Highest mountain in SeychellesMorne {Seychellois}
22%
Shared highest point between Uganda & Dem. Rep of CongoMt. {Stanley}
22%
Active volcano, highest point on the island of St VincentLa {Soufrière}
11%
Also known as Mt. Baldy, highest in Los Angeles countyMt. {San Antonio}
11%
Highest mountain in South CarolinaMt. {Sassafras}
11%
Highest mountain in SamoaMt. {Silisili}
11%
Highest mountain in BoliviaNevado {Sajama}
11%
Highest mountain in EnglandScafell Pike
11%
Mountain in northwest Nepal along with Api & NampaMt. {Saipal}
0%
Highest mountain in SomaliaMt. {Shimbiris}
0%
Highest point in the Ukrainian Gorgany rangeMt. {Sivulya}
0%
Third highest mountain in Iran{Sabalan} Mountain
0%
Highest point in the Bay of BengalSaddle Peak
0%
Highest mountain on the Faroe IslandsSlættaratindur
0%
Highest mountain in Czech RepublicSněžka
0%

Score Distribution

Percentile by Number Answered

Percent of People with Each Score

Your Score History

You have not taken this quiz